<?xml version="1.0" encoding="UTF-8"?>
<record
    xmlns:xsi="http://www.w3.org/2001/XMLSchema-instance"
    xsi:schemaLocation="http://www.loc.gov/MARC21/slim http://www.loc.gov/standards/marcxml/schema/MARC21slim.xsd"
    xmlns="http://www.loc.gov/MARC21/slim">

  <leader>00684nam a2200193 a 4500</leader>
  <controlfield tag="001">80297</controlfield>
  <controlfield tag="003">BD-RjUL</controlfield>
  <controlfield tag="005">20220904132351.0</controlfield>
  <controlfield tag="008">220904s1969    p  ||||| |||| 00| 0 u   d</controlfield>
  <datafield tag="035" ind1=" " ind2=" ">
    <subfield code="a">(BD-RjUL)80297</subfield>
  </datafield>
  <datafield tag="040" ind1=" " ind2=" ">
    <subfield code="a">BD-RjUL</subfield>
    <subfield code="b">eng</subfield>
    <subfield code="c">BD-RjUL</subfield>
  </datafield>
  <datafield tag="041" ind1=" " ind2=" ">
    <subfield code="a">urd</subfield>
  </datafield>
  <datafield tag="082" ind1=" " ind2=" ">
    <subfield code="2">23</subfield>
    <subfield code="a">081.6</subfield>
    <subfield code="b">THM 1969</subfield>
  </datafield>
  <datafield tag="245" ind1="1" ind2="0">
    <subfield code="a">&#x645;&#x643;&#x62A;&#x628;&#x627;&#x62A; &#x633;&#x64A;&#x62F; &#x627;&#x62D;&#x645;&#x62F; &#x634;&#x647;&#x64A;&#x62F; &#x627;&#x648;&#x631; &#x643;&#x644;&#x627;&#x67E;&#x627;&#x646;&#x6CC;  ;; maktubat syyid ahmad shahid aur kalapani /</subfield>
    <subfield code="c">Muhammad Jaafar Taha Nesri  ;  tarjuma  sakhawat mirja  ;;    &#x645;&#x62D;&#x645;&#x62F; &#x62C;&#x639;&#x641;&#x631; &#x62A;&#x647;&#x627; &#x646;&#x64A;&#x633;&#x631;&#x64A; ;  &#x62A;&#x631;&#x62C;&#x645;&#x647; &#x633;&#x62E;&#x627;&#x648;&#x62A; &#x645;&#x631;&#x632;&#x627;</subfield>
  </datafield>
  <datafield tag="260" ind1=" " ind2=" ">
    <subfield code="a">karachi :</subfield>
    <subfield code="b">Nafis ekademy ,</subfield>
    <subfield code="c">1969</subfield>
  </datafield>
  <datafield tag="300" ind1=" " ind2=" ">
    <subfield code="a">408 p. ; </subfield>
    <subfield code="c">23 cm</subfield>
  </datafield>
  <datafield tag="650" ind1=" " ind2=" ">
    <subfield code="a">Islam</subfield>
  </datafield>
  <datafield tag="942" ind1=" " ind2=" ">
    <subfield code="2">ddc</subfield>
    <subfield code="c">BK</subfield>
  </datafield>
  <datafield tag="999" ind1=" " ind2=" ">
    <subfield code="c">80297</subfield>
    <subfield code="d">80297</subfield>
  </datafield>
  <datafield tag="952" ind1=" " ind2=" ">
    <subfield code="0">0</subfield>
    <subfield code="1">0</subfield>
    <subfield code="2">ddc</subfield>
    <subfield code="4">0</subfield>
    <subfield code="7">1</subfield>
    <subfield code="8">NFIC</subfield>
    <subfield code="a">RUCL</subfield>
    <subfield code="b">RUCL</subfield>
    <subfield code="c">Reading</subfield>
    <subfield code="d">1976-02-27</subfield>
    <subfield code="e">Islamia Library, Chittgong</subfield>
    <subfield code="g">20.00</subfield>
    <subfield code="o">U 297 THM 1969</subfield>
    <subfield code="r">2022-09-04 00:00:00</subfield>
    <subfield code="t">C-1</subfield>
    <subfield code="y">BK</subfield>
  </datafield>
</record>
